Corporate and governmental deviance: Problem of organization behavior in contemporary society
Gespeichert in:
| 1. Verfasser: | |
|---|---|
| Format: | Buch |
| Sprache: | Undetermined |
| Veröffentlicht: |
New York
Oxford University Press
1982
|
| Schlagworte: | |
| Tags: |
Tag hinzufügen
Keine Tags, Fügen Sie den ersten Tag hinzu!
|
| Thư viện lưu trữ: | Trung tâm Học liệu Trường Đại học Cần Thơ |
|---|
| LEADER | 00578nam a2200193Ia 4500 | ||
|---|---|---|---|
| 001 | CTU_84988 | ||
| 008 | 210402s9999 xx 000 0 und d | ||
| 082 | |a 364.1 | ||
| 082 | |b E71 | ||
| 100 | |a M. David Ermann | ||
| 245 | 0 | |a Corporate and governmental deviance: | |
| 245 | 0 | |b Problem of organization behavior in contemporary society | |
| 245 | 0 | |c M. David Ermann | |
| 260 | |a New York | ||
| 260 | |b Oxford University Press | ||
| 260 | |c 1982 | ||
| 650 | |a coprations,white collar crimes | ||
| 650 | |z united state | ||
| 980 | |a Trung tâm Học liệu Trường Đại học Cần Thơ | ||